| 000 | 00659nam a22002417a 4500 | ||
|---|---|---|---|
| 003 | LK-CoMWRAF | ||
| 005 | 20240113162155.0 | ||
| 008 | 231224b2002 |||||||| |||| 00| 0 eng d | ||
| 020 | _a 9990333416 | ||
| 040 |
_aLK-CoMWRAF _dLK-CoMWRAF _eLK-CoMWRAF |
||
| 041 | _aeng | ||
| 082 |
_a363.8 _bSHI |
||
| 100 | _a Shiva, Vandana | ||
| 245 | _aGlobalisation, food security, and war | ||
| 260 |
_aPort Louis, Mauritius: _bLedikasyon pu travayer, _c2002 |
||
| 300 | _a54 p. ; 20 cm. | ||
| 490 | _aPublic lecture series = Konesans pu tu dimunn | ||
| 650 | _aGlobalization | ||
| 650 | _aFood supply | ||
| 650 | _aWar | ||
| 650 | _aMonopolies | ||
| 942 | _cBK | ||
| 999 |
_c4553 _d4553 |
||